ბათუმის შოთა რუსთაველის სახელმწიფო უნივერსიტეტის ბიბლიოთეკა

Методика расчета экономической эффективности новой техники в машиностроении. (ბიბ.ჩანაწერი № 38724)

000 -LEADER
fixed length control field 00763nam a2200193Ia 4500
001 - CONTROL NUMBER
control field 5037
003 - CONTROL NUMBER IDENTIFIER
control field GE_BSU
008 - FIXED-LENGTH DATA ELEMENTS--GENERAL INFORMATION
fixed length control field 181216s||||||||xx |||||||||||||| ||und||
040 ## - CATALOGING SOURCE
Transcribing agency GE_BSU
080 ## - UNIVERSAL DECIMAL CLASSIFICATION NUMBER
Universal Decimal Classification number 621.76:338
245 ## - TITLE STATEMENT
Title Методика расчета экономической эффективности новой техники в машиностроении.
245 ## - TITLE STATEMENT
Statement of responsibility, etc. Научный руков. К.М.Великанов.
260 ## - PUBLICATION, DISTRIBUTION, ETC.
Place of publication, distribution, etc. Л.
260 ## - PUBLICATION, DISTRIBUTION, ETC.
Name of publisher, distributor, etc. Машиностроение.
260 ## - PUBLICATION, DISTRIBUTION, ETC.
Date of publication, distribution, etc. 1967.
300 ## - PHYSICAL DESCRIPTION
Extent 491 стр. 27 см. библиогр.:стр.490-497.
653 ## - INDEX TERM--UNCONTROLLED
Uncontrolled term Методика расчета экономической эффективности новой техники в машиностроении.
942 ## - ADDED ENTRY ELEMENTS (KOHA)
Koha item type წიგნი
ეგზემპლარები
Withdrawn status Lost status Damaged status Not for loan Date acquired Barcode Date last seen Price effective from Koha item type
        2018-12-17 11094 2018-12-17 2018-12-17 წიგნი